000
00309nam a22001217a 4500
008
180504b xxu||||| |||| 00| 0 eng d
041
_a
eng
080
_a
043.3
100
_a
0
101
_a
SHKI-MTH
245
_a
Aplikimi i QoS në rrjetat pa tela, simulimi i VoIP me OPNFT
_c
Hajrullahu,Nj
942
_2
udc
_c
BK
999
_c
45664
_d
45664